Super Paper Mario Pixls - Statistics

General Stats
  • This quiz has been taken 59 times
  • The average score is 9 of 12
Answer Stats
Ability Pixl % Correct
Gives advice and reveals hidden objects by pointing the remote at the screen Tippi
93%
Turns into a bomb, causing a small explosion Boomer
85%
Transforms into a moving platform Carrie
83%
Plays... music? Piccolo
80%
Shrinks the heroes Dottie
78%
Allows Mario and co. to swing a hammer Cudge
76%
Performs a counter attack Barry
73%
Flips areas to uncover hidden secrets Fleep
73%
Thins the heroes, making them invincible while standing still Slim
73%
Lets you pick things up and throw them Thoreau
73%
Allows the heroes to ground pound Thudley
68%
Let’s the heroes run fast Dashell
61%
No matching quizzes found
Score Distribution
Percent of People with Each Score
Percentile by Number Answered
Your Score History
You have not taken this quiz